UBT Library

CONTEMPORARY BUSINESS (Record no. 60716)

000 -LEADER
fixed length control field 00346nam a22001457a 4500
008 - FIXED-LENGTH DATA ELEMENTS--GENERAL INFORMATION
fixed length control field 250514b ||||| |||| 00| 0 eng d
020 ## - INTERNATIONAL STANDARD BOOK NUMBER
International Standard Book Number 9780030102745
041 ## - LANGUAGE CODE
Language code of text/sound track or separate title eng
080 ## - UNIVERSAL DECIMAL CLASSIFICATION NUMBER
Edition identifier EIGHT EDITION
Universal Decimal Classification number 338BOO
082 ## - DEWEY DECIMAL CLASSIFICATION NUMBER
Edition number 338BOO
Classification number 338BOO
100 ## - Rafti
Rafti 23
101 ## - Shkurtesa
Shkurtesa BIZNES
245 ## - TITLE STATEMENT
Title CONTEMPORARY BUSINESS
Statement of responsibility, etc LOUIS E.BOONE
942 ## - ADDED ENTRY ELEMENTS (KOHA)
Source of classification or shelving scheme
Item type Books
Holdings
Withdrawn status Lost status Source of classification or shelving scheme Damaged status Not for loan Collection code Permanent location Current location Date acquired Total Checkouts Full call number Barcode Date last seen Price effective from Koha item type
          Koleksioni i përgjithshem UBT - Lipjan UBT - Lipjan 05/14/2025   338BOO 002-8000709993 05/14/2025 05/14/2025 Books
UBT Library © 2015-2024. All rights reserved University Education for Business and Technology